O artefaktu v literatuře

Bibliographic Details
Main Author: Červenka, Miroslav, 1932-2005 (Author)
Format: Article
Language:Czech
Subjects:

MARC

LEADER 00000nab a2200000 a 4500
001 vtls000365551
003 SK-MaSNL
005 20260303161554.0
008 230223c1989 xo 0 cze
015 |a SNBRB19rr/mm-uuuuu 
035 |a CL0365673 
035 |a urn:nbn:sk:snk-abf1pa 
035 |a (urnnbn)urn:nbn:sk:snk:ar-00509t 
035 |a (uuid)724a2319-afea-4c41-aa2c-ba97e29e1131 
040 |a SNKBUCL  |b slo  |c SNKBUCL  |e AACR2 
041 0 |a cze 
044 |a xo  |c SK 
080 |a 82.0  |2 1981 
080 |a 003  |2 1981 
100 1 |a Červenka, Miroslav,  |d 1932-2005  |4 aut  |9 103669 
245 1 0 |a O artefaktu v literatuře  |c Miroslav Červenka 
500 |a V časti Štúdie. Datované duben 78. Lit. 26 zázn. v češ., angl., franc., nem. Resumé v ruštine. 
650 0 7 |a umelecká literatúra  |2 snkbucl  |9 1488 
650 0 7 |a artefakt (lit.)  |2 snkbucl  |9 1184146 
655 7 |a články z novín a časopisov  |2 snkbucl  |9 267496 
655 7 |a články z odboru literárna veda a krásna literatúra  |2 snkbucl  |9 770045 
773 0 |t Slovenská literatúra  |g Roč. 36, č. 5 (1989), s. 406-420 
850 |a Slovenská národná knižnica v Martine  |a MTA001 
852 |a SNK  |b KIS3GCP 
958 |a NB 
958 |a RK 
958 |a CZ 
958 |a LX 
958 |a OND 
958 |a EUIPO 
958 |a article27 
992 |a RBX 
999 |c 2049813  |d 2051743